Devine le Film Français en 3 mots #2 - Statistiques

Statistiques générales
  • Ce quiz a été pris 265 fois
  • Le résultat moyen est 5 sur 10
Statistiques - réponses
Hint Réponse % Correct
Surdité, Chanson, Famille La Famille Bélier
84%
Espion, Égypte, Humour OSS 117
84%
Océan, Plongée, Amitié Le grand bleu
71%
Adolescence, Fête, Amour La Boum
68%
Mariage, Famille, Différences Qu'est-ce qu'on a fait au Bon Dieu ?
64%
Enfants, Rivalité, Campagne La Guerre des Boutons
60%
Erasmus, Colocation, Barcelone L'Auberge Espagnole
44%
Quiproquos, Rabbin, Rire Les Aventures de Rabbi Jacob
41%
Famille, Bébé, Différences La Vie est un long fleuve tranquille
17%
Légende, Loup, Mystère Le Pacte des Loups
16%
Aucun quiz correspondant
Distribution des résultats
% des personnes avec chaque résultat
Percentile par nombre de réponses
Votre historique - résultats
Vous n’avez pas pris ce quiz